Normal view
MARC view
- UBAID,MUTAHHER,AWAIS
Entry Personal Name
001 - CONTROL NUMBER
- control field: 72176
003 - CONTROL NUMBER IDENTIFIER
- control field: NUST
005 - DATE AND TIME OF LATEST TRANSACTION
- control field: 20210628204744.0
008 - FIXED-LENGTH DATA ELEMENTS
- fixed length control field: 210628|| aca||aabn | a|a d
040 ## - CATALOGING SOURCE
- Original cataloging agency: NUST
- Transcribing agency: NUST
100 ## - HEADING--PERSONAL NAME
- Personal name: UBAID,MUTAHHER,AWAIS
670 ## - SOURCE DATA FOUND
- Source citation: Work cat.: (NUST): UBAID,MUTAHHER,AWAIS, PR-SOF-1131-FINITE ELEMENT ANALYSIS OF ELASTIC STRUCTURAL RESPONSE OF 1.2 MW WIND TURBINE BLADES AND REQUIREMENT ANALYSIS FOR THEIR PRODUCTION, 2011
